000 00673nam a2200253Ia 4500
003 OSt
005 20220928105000.0
006 a|||||r|||| 00| 0
007 ta
008 220927b |||||||| |||| 00| 0 eng d
020 _c0
024 _a112227
037 _bGIFT, 25/07/2011, Gift
_cTextual
040 _aSDCL
_cSDCL
_beng
041 _2eng
_aeng
082 _aD65264, M2
100 _aSazonov D M
_9413153
245 0 _aMicrowave circuits.
260 _aMoscow
_bMir Publishers
_c1982
300 _a320p.
_ccm.
650 _aGift
_9391569
942 _hD65264, M2
_cTEXL
_2CC
999 _c728923
_d728923